Names of Slavic Countries on their native Languages - Statistics

General Stats
  • This quiz has been taken 100 times
  • The average score is 13 of 13
Answer Stats
Native English % Correct
Bosna i Hercegovina Bosnia and Herzegovina
100%
Česká Republika Czech Republic
100%
Polska Poland
100%
Россия Russia
100%
Slovenija Slovenia
100%
Беларусь Belarus
99%
Северна Македонија North Macedonia
99%
Slovensko Slovakia
99%
България Bulgaria
98%
Србија Serbia
98%
Україна Ukraine
98%
Hrvatska Croatia
96%
Црна Гора Montenegro
91%
No matching quizzes found
Score Distribution
Percent of People with Each Score
Percentile by Number Answered
Your Score History
You have not taken this quiz